000 00376cam a22001337a 4500
008 180718b1983 xxu||||| |||| 00| 0 eng d
082 _aZ053 So51 (R)
100 _aSomani, L.L.
245 _aDictionary of agriculture
_cby L.L. Somani and S.B.S. Tikka
260 _aDelhi
_bAgricole
_c1983
300 _a463p.
650 _aAgriculture - Dictionaries
700 _aTikka, S.B.S.
999 _c354747
_d354747